| 000 | 00655nam a22002057a 4500 | ||
|---|---|---|---|
| 003 | OSt | ||
| 005 | 20151026134202.0 | ||
| 008 | 130514s1996 sp ||||| |||| 00| 0 spa d | ||
| 020 | _a8431314478 | ||
| 024 |
_2DL _a1.6031996 |
||
| 040 | _cCDMR | ||
| 100 | 1 |
_93417 _aLópez Pan, Fernando |
|
| 245 | 1 |
_aLa columna periodística _b: teoría y práctica : el caso de Hilo Directo _cFernando López Pan |
|
| 260 |
_aPamplona _bEdiciones Universidad de Navarra (EUNSA) _cDL 1996 |
||
| 300 | _a331 p. | ||
| 490 | _aComunicación | ||
| 650 | 0 | 4 |
_93419 _aDiaris _xSeccions, columnes, etc |
| 654 |
_93772 _aPeriodisme--Manuals d'estil _bHilo Directo |
||
| 942 |
_2udc _cMON |
||
| 999 |
_c6235 _d6235 |
||